000 00265nam a22001217a 4500
008 181015b xxu||||| |||| 00| 0 eng d
041 _aeng
080 _a320
100 _a21
101 _aSHP
245 _aPoverty and Politicization
_cHirsch,H
942 _2udc
_cBK
999 _c49730
_d49730